<?xml version="1.0" encoding="UTF-8"?>
<collection xmlns="http://www.loc.gov/MARC21/slim">
 <record>
  <leader>00565pamaa2200181   4500</leader>
  <controlfield tag="001">0000013439</controlfield>
  <controlfield tag="005">20060421090000.0</controlfield>
  <datafield tag="020" ind1="0" ind2="0">
   <subfield code="a">0534211380 </subfield>
  </datafield>
  <datafield tag="082" ind1=" " ind2=" ">
   <subfield code="a">155.937 COR 1994</subfield>
  </datafield>
  <datafield tag="090" ind1="0" ind2="0">
   <subfield code="a">BF789.D4 </subfield>
   <subfield code="b">COR 1994</subfield>
  </datafield>
  <datafield tag="100" ind1="1" ind2="0">
   <subfield code="a">CORR </subfield>
  </datafield>
  <datafield tag="245" ind1="1" ind2="0">
   <subfield code="a">Death and dying , life and living  </subfield>
   <subfield code="c">Charles A. Corr, Clyde M. Nabe and Donna M. Corr.</subfield>
  </datafield>
  <datafield tag="260" ind1="0" ind2="0">
   <subfield code="a">Pacific Grove: </subfield>
   <subfield code="b">Brooks/Cole Pub., </subfield>
   <subfield code="c">1994.</subfield>
  </datafield>
  <datafield tag="300" ind1=" " ind2=" ">
   <subfield code="a">xxi, 549p.: </subfield>
   <subfield code="b">24cm.</subfield>
  </datafield>
  <datafield tag="650" ind1="0" ind2="0">
   <subfield code="a">Death -- </subfield>
   <subfield code="x">Psychological aspects </subfield>
  </datafield>
  <datafield tag="650" ind1="0" ind2="0">
   <subfield code="a">Bereavement -- </subfield>
   <subfield code="x">Psychological aspects </subfield>
  </datafield>
  <datafield tag="700" ind1="1" ind2="1">
   <subfield code="a">Nabe, </subfield>
   <subfield code="h">Clyde </subfield>
  </datafield>
  <datafield tag="700" ind1="1" ind2="1">
   <subfield code="a">CORR, </subfield>
   <subfield code="h">Donna M </subfield>
  </datafield>
 </record>
</collection>
